| Tag |
First Indicator |
Second Indicator |
Subfields |
| LEADER |
00000cam a2200000 4500 |
| 001 |
in00000627331 |
| 005 |
20151015061454.0 |
| 008 |
760924s1946 ilua 00000 eng d |
| 010 |
|
|
|a 46022043
|
| 035 |
|
|
|a (OCoLC)02462618
|
| 035 |
|
|
|9 ACV6557AM
|
| 040 |
|
|
|a TLM
|c TLM
|d TXA
|d UtOrBLW
|
| 049 |
|
|
|a TXAM
|v 1 [374757]
|v 2 [374758]
|
| 090 |
|
|
|a TK3205
|b .B87 1946
|
| 092 |
|
|
|a 621.38502
|b B949h
|
| 100 |
1 |
|
|a Burden, B. C.
|
| 245 |
1 |
0 |
|a Handbook for telephone managers and engineers.
|
| 264 |
|
1 |
|a Chicago :
|b Automatic Electric Co.,
|c [1946]
|
| 264 |
|
4 |
|c [©1946]
|
| 300 |
|
|
|a 2 volumes :
|b illustrations ;
|c 21 cm.
|
| 336 |
|
|
|a text
|b txt
|2 rdacontent
|
| 337 |
|
|
|a unmediated
|b n
|2 rdamedia
|
| 338 |
|
|
|a volume
|b nc
|2 rdacarrier
|
| 650 |
|
0 |
|a Telephone
|v Handbooks, manuals, etc.
|
| 999 |
|
|
|a MARS
|
| 999 |
f |
f |
|s c7da27f7-4102-332f-818f-c8c24b3b0c80
|i a572ddd2-3258-3fdf-a861-a41e981f50ba
|t 0
|
| 952 |
f |
f |
|p ric
|a Texas A&M University
|b Rellis Campus
|c Joint Library Facility
|d Remote Storage
|t 0
|e TK3205 .B87 1946
|h Library of Congress classification
|i unmediated -- volume
|k v.1
|m A14801039350
|
| 952 |
f |
f |
|p normal
|a Texas A&M University
|b College Station
|c Sterling C. Evans Library
|d Evans: Library Stacks
|t 0
|e TK3205 .B87 1946
|h Library of Congress classification
|i unmediated -- volume
|k v.2
|m A14801039368
|
| 998 |
f |
f |
|a TK3205 .B87 1946
|s v.2
|t 0
|l Evans: Library Stacks
|
| 998 |
f |
f |
|a TK3205 .B87 1946
|s v.1-2
|t 0
|l Remote Storage
|